000 01014nam a2200277Ia 4500
001 Para_10289
003 CHAP
008 220125sEner xx 000 0 und d
010 _a208980
040 _cCHAP
090 _aPA CD - TESIS 319
100 _aAntonio de la Cruz, Lucía
_96091
245 _aControl de mosquita blanca (Bemisia tabací) en cultivo de jitomate con productos orgánicos y biológicos en el estado de México /
_c Lucía Antonio de la Cruz; Director Juan Fernando Solís Aguilar
260 _aChapingo, Méx. :
_b el autor
300 _a1 CDS ROM (39 p.)
502 _aTesis (M.C. en Protección Vegetal). UACh. Departamento Parasitología Agrícola
700 _aSolís Aguilar, Juan Fernándo. Director
_9171333
710 _aUACh. Departamento Parasitología Agrícola
_9164025
901 _aPA CD - TESIS 319
902 _aM
905 _a513220Enero, 2014 anm 8100000000 06
910 _aEner
942 _cPARA
942 _cPARA
_d2
999 _c208980
_d208980